[Event "DM Kandidatklassen 2022"]
[Site "Svendborg"]
[Date "2022.04.18"]
[Round "7"]
[White "Parra Becerra, Edgar Andre"]
[Black "Nielsen, Philip"]
[Result "1-0"]
[WhiteElo "2223"]
[BlackElo "1968"]
[PlyCount "85"]
[EventDate "2022.04.12"]
[EventType "swiss"]
[EventRounds "7"]
[EventCountry "DEN"]

1. e4 g6 2. d4 Bg7 3. Nc3 d6 4. Be3 a6 5. Qd2 b5 6. O-O-O Nd7 7. h4 h5 8. Nh3
Bb7 9. Ng5 Ngf6 10. e5 dxe5 11. dxe5 Ng4 12. e6 Nde5 13. Qe1 Qc8 14. Bc5 O-O
15. exf7+ Nxf7 16. Ne6 Bh6+ 17. Kb1 Re8 18. f4 Nd6 19. Bd3 Kf7 20. Ng5+ Bxg5
21. fxg5 Bxg2 22. Rg1 Bc6 23. Be2 Bd7 24. Bf3 c6 25. Qf1 Nf5 26. Bxg4 hxg4 27.
Rxg4 Kg7 28. Rf4 e5 29. Rf2 Rh8 30. Qe1 Re8 31. Ne4 Re6 32. h5 Qc7 33. h6+ Kh8
34. Bb6 Qxb6 35. Rxd7 Ra7 36. Rd1 Ree7 37. Rfd2 Ra8 38. Nf6 Ne3 39. Rd7 Rxd7
40. Rxd7 Ra7 41. Rd3 Nd5 42. Nxd5 cxd5 43. Qxe5+ 1-0

[Event "DM Kandidatklassen 2022"]
[Site "Svendborg"]
[Date "2022.04.18"]
[Round "7"]
[White "Andries, Alf"]
[Black "Lofgren, Claes"]
[Result "1/2-1/2"]
[WhiteElo "2019"]
[BlackElo "2071"]
[PlyCount "45"]
[EventDate "2022.04.12"]
[EventType "swiss"]
[EventRounds "7"]
[EventCountry "DEN"]

1. e4 c6 2. d4 d5 3. e5 Bf5 4. Nf3 e6 5. Be2 c5 6. Be3 Nc6 7. dxc5 Qc7 8. Bb5
Bg4 9. O-O Bxf3 10. Qxf3 Qxe5 11. Bxc6+ bxc6 12. c3 Nf6 13. Bd4 Qe4 14. Qd1 Be7
15. Re1 Qg6 16. Nd2 O-O 17. Nf3 Nd7 18. b4 Rfc8 19. Ne5 Nxe5 20. Rxe5 Bf6 21.
Re3 Bxd4 22. Qxd4 Qf6 23. Qd3 1/2-1/2

[Event "DM Kandidatklassen 2022"]
[Site "Svendborg"]
[Date "2022.04.18"]
[Round "7"]
[White "Wahlgreen, Noah Krug"]
[Black "Medhus, Vitus Bondo"]
[Result "0-1"]
[WhiteElo "2011"]
[BlackElo "2016"]
[PlyCount "64"]
[EventDate "2022.04.12"]
[EventType "swiss"]
[EventRounds "7"]
[EventCountry "DEN"]

1. e4 c5 2. Nc3 Nc6 3. Bb5 Nd4 4. Bc4 g6 5. Nf3 Bg7 6. Nxd4 cxd4 7. Qf3 e6 8.
Nb5 d5 9. exd5 a6 10. dxe6 fxe6 11. Na3 Nf6 12. O-O O-O 13. d3 Ra7 14. Re1 Re8
15. Bf4 b5 16. Bb3 Rf7 17. Qh3 e5 18. Qf3 exf4 19. Qxf4 Rxe1+ 20. Rxe1 Nd5 21.
Bxd5 Qxd5 22. Re8+ Bf8 23. Qb8 Qxa2 24. f3 Qxb2 25. Rxc8 Qxa3 26. Qe5 Qe7 27.
Qxe7 Rxe7 28. Rc6 a5 29. Kf1 a4 30. Rb6 a3 31. Rxb5 a2 32. Ra5 Re1+ 0-1

[Event "DM Kandidatklassen 2022"]
[Site "Svendborg"]
[Date "2022.04.18"]
[Round "7"]
[White "Easwaralingam, Adesh"]
[Black "Falkesgaard, Jeppe Hald"]
[Result "1-0"]
[WhiteElo "2081"]
[BlackElo "2000"]
[PlyCount "95"]
[EventDate "2022.04.12"]
[EventType "swiss"]
[EventRounds "7"]
[EventCountry "DEN"]

1. e4 c5 2. Nf3 e6 3. d4 cxd4 4. Nxd4 Nc6 5. Nc3 Qc7 6. Be3 a6 7. g4 b5 8. Nxc6
Qxc6 9. Qd2 Bb7 10. O-O-O Nf6 11. f3 b4 12. Ne2 d5 13. g5 Nd7 14. Nd4 Qc7 15.
Bh3 e5 16. Nf5 d4 17. Bf2 Nc5 18. Kb1 Na4 19. Bxd4 exd4 20. Qxd4 Rc8 21. Nxg7+
Bxg7 22. Qxg7 Qxc2+ 23. Ka1 Qxb2+ 24. Qxb2 Nxb2 25. Bxc8 Nxd1 26. Bxb7 Nc3 27.
Bxa6 Ke7 28. h4 Rd8 29. Rh2 Rd6 30. Bc4 Rd4 31. Bb3 Rd3 32. Rf2 Re3 33. Kb2 f6
34. Kc2 Nb5 35. Bg8 Nd4+ 36. Kd2 Ra3 37. f4 Nf3+ 38. Kd1 Nxh4 39. Bb3 fxg5 40.
fxg5 Kd6 41. Rf7 Ke5 42. Rxh7 Ng6 43. Rh6 Nf4 44. Rb6 Kxe4 45. Rxb4+ Kf5 46.
Rxf4+ Kxf4 47. g6 Ra7 48. Bf7 1-0

[Event "DM Kandidatklassen 2022"]
[Site "Svendborg"]
[Date "2022.04.18"]
[Round "7"]
[White "Iskos, Lukas"]
[Black "Nielsen, Morten Majlund"]
[Result "0-1"]
[WhiteElo "2052"]
[BlackElo "2091"]
[PlyCount "56"]
[EventDate "2022.04.12"]
[EventType "swiss"]
[EventRounds "7"]
[EventCountry "DEN"]

1. d4 f5 2. Bf4 Nf6 3. e3 e6 4. Be2 d5 5. Nf3 Be7 6. Nbd2 Nbd7 7. h3 Ne4 8.
Nxe4 fxe4 9. Ne5 O-O 10. O-O Nxe5 11. Bxe5 Bd6 12. Bxd6 Qxd6 13. c4 c6 14. Rc1
Bd7 15. Qd2 Rf6 16. b4 Raf8 17. Qb2 Rg6 18. Bg4 a6 19. a3 Qe7 20. cxd5 exd5 21.
Bxd7 Qxd7 22. Kh2 Qd6+ 23. Kh1 Qe6 24. Qe2 Rf3 25. g4 Rxh3+ 26. Kg2 Rf3 27. Rh1
Qxg4+ 28. Kf1 Qg2+ 0-1